| 000 | 02496cam a22005654i 4500 | ||
|---|---|---|---|
| 003 | PE-LiUPU | ||
| 005 | 20250731172919.0 | ||
| 008 | 150617s1982 r 000 0 eng d | ||
| 020 | _a0151334668 | ||
| 035 | _a(Sirsi) i9780151334667 | ||
| 040 |
_aPE-LiUPU _bspa _cPE-LiUPU _erda |
||
| 049 | _aPRUA | ||
| 082 | 0 | 4 |
_a282.0924 _bH41 _221 |
| 082 | 0 | 4 |
_a282.0924 _bH41 1982 |
| 100 | 1 |
_aWyszyn´ski, Stefan, _d1901-1981, _eautor. |
|
| 245 | 1 | 2 |
_aA freedom within : _bthe prison notes of Stefan Cardinal Wyszynski / _ctraducido por Barbara Krzywicki-Herburt y Walter J. Ziemba ; prólogo por John Cardinal Krol. |
| 264 | 1 |
_aSan Diego : _bHarcourt Brace Jovanovich, Publishers, _c1982. |
|
| 300 |
_a355 páginas ; _c23 centímetros |
||
| 336 |
_atext _2rdacontent |
||
| 337 |
_aunmediated _2rdamedia |
||
| 338 |
_avolume _2rdacarrier |
||
| 505 | 0 | _aThe arrest -- Rywald -- Stoczek Warminski -- Prudnik slaski -- Komancza. | |
| 526 | _aSEG42 | ||
| 526 | _aSEG41 | ||
| 526 | _aSEG40 | ||
| 526 | _aSEG39 | ||
| 526 | _aP94 | ||
| 526 | _aP87 | ||
| 526 | _aP86 | ||
| 526 | _aP85 | ||
| 526 | _aP77 | ||
| 526 | _aP76 | ||
| 526 | _aP35 | ||
| 600 | 1 | 4 |
_aWyszyn'ski, Stefan. _d1901-1981 |
| 650 | 4 |
_aCardenales _zPolonia _vBiografías |
|
| 650 | 4 |
_aPresos políticos _zEspaña _vBiografías. |
|
| 910 |
_ajck _bjvq _cjck _d20150616 |
||
| 942 |
_2ddc _cBOOK |
||
| 949 |
_a282.0924 H41 _wDEWEY _c1 _i30043 _lCCODEBUL1 _mBUL _r0 _sY _tBOOK _u2015-4-22 _xTEOLOGIA _PP35 _0COMPRA _o.STAFF. Colección General |
||
| 949 |
_a282.0924 H41 _wDEWEY _c2 _i30042 _lCCODEBUL1 _mBUL _r0 _sY _tBOOK _u2015-4-22 _xTEOLOGIA _PP35 _0COMPRA _o.STAFF. Colección General |
||
| 949 |
_a282.0924 H41 1980 _wDEWEY _c1 _iFT00189 _lCCODEBUT1 _mBUT _r0 _sY _tBOOK _u2018-06-24 _xBIBLIOTECA _zUNKNOWN _o.STAFF. Colección General Tarapoto |
||
| 994 |
_aC0 _bPEPRU |
||
| 596 | _a1 2 | ||
| 999 |
_a282.0924 H41 _wDEWEY _c18777 _i30043 _d18777 _f2021-11-11 _g5 _lCCODEBUL1 _mBUL _p21.11 _q1 _r0 _sY _tBOOK _u2015-4-22 _xTEOLOGIA _PP35 _0COMPRA _o.STAFF. Colección Teología |
||
| 999 |
_a282.0924 H41 _wDEWEY _c2 _i30042 _f2021-11-11 _g5 _lCCODEBUL1 _mBUL _p21.11 _r0 _sY _tBOOK _u2015-4-22 _xTEOLOGIA _PP35 _0COMPRA _o.STAFF. Colección Teología |
||
| 999 |
_a282.0924 H41 1982 _wDEWEY _c1 _iFT00189 _f2019-2-20 _g1 _lCCODEBUT1 _mBUT _p30.00 _r0 _sY _tBOOK _u2018-6-24 _xBIBLIOTECA _zUNKNOWN _0DONACION _o.STAFF. Colección general tarapoto |
||
| 980 |
_81 _gALBERTO SANCHEZ Responsable de Automatización |
||